Draft of the Town and Country Planning (Green Belt) Direction 2005 (Record no. 104444)

MARC details
000 -LEADER
fixed length control field 01621cam a2200205 4500
001 - CONTROL NUMBER
control field L130387
008 - FIXED-LENGTH DATA ELEMENTS--GENERAL INFORMATION
fixed length control field 050722n2005 000 0 eng u
035 ## - SYSTEM CONTROL NUMBER
System control number (Sirsi) u130387
041 ## - LANGUAGE CODE
Language code of text/sound track or separate title eng
050 ## - LIBRARY OF CONGRESS CALL NUMBER
Classification number 711.558
-- 18
110 ## - MAIN ENTRY--CORPORATE NAME
Corporate name or jurisdiction name as entry element Office of the Deputy Prime Minister
9 (RLIN) 4685
245 ## - TITLE STATEMENT
Title Draft of the Town and Country Planning (Green Belt) Direction 2005
260 ## - PUBLICATION, DISTRIBUTION, ETC.
Place of publication, distribution, etc. London
Name of publisher, distributor, etc. ODPM
Date of publication, distribution, etc. 2005
520 ## - SUMMARY, ETC.
Summary, etc. Government announced in January 2005 in its five-year strategy "Sustainable communities - homes for all" its intention to introduce a new Green Belt Direction. Since then the ODPM has been refining and developing government proposals through the preparation of a consultation draft of its new Direction. Government. The proposed new Green Belt Direction will require planning applications for inappropriate development of certain types and scale in the Green Belt, which local planning authorities are minded to approve, to be referred to the Secretary of State. This consultation paper sets out the policy context and explains the various options and proposals for the Direction. It seeks views on the draft Direction and accompanying draft Circular as well as the partial Regulatory Impact Assessment. Responses are invited by 14 October 2005.
590 ## - LOCAL NOTE (RLIN)
Local note IKA020805
650 ## - SUBJECT ADDED ENTRY--TOPICAL TERM
Topical term or geographic name entry element TOWN AND COUNTRY PLANNING (GREEN BELT) DIRECTION 2005
690 ## - LOCAL SUBJECT ADDED ENTRY--TOPICAL TERM (OCLC, RLIN)
Topical term or geographic name as entry element ENVIRONMENTAL AND LAND CONSULTANCY-PLANNING AND DEVELOPMENT-PLANNING GUIDANCE
856 ## - ELECTRONIC LOCATION AND ACCESS
Uniform Resource Identifier <a href="https://www.communities.gov.uk/archived/publications/planningandbuilding/draft">https://www.communities.gov.uk/archived/publications/planningandbuilding/draft</a>
Public note View the draft Direction free of charge at www.communities.gov.uk...
942 ## - ADDED ENTRY ELEMENTS (KOHA)
Suppress in OPAC 0
Holdings
Withdrawn status Lost status Source of classification or shelving scheme Damaged status Not for loan Home library Current library Shelving location Date acquired Total Checkouts Full call number Barcode Date last seen Copy number Price effective from Koha item type
    Dewey Decimal Classification     Virtual Virtual Online 22/07/2005   ONLINE PUBLICATION 130387-1001 06/08/2019 1 06/08/2019 Book